Invoking ‘Hindu’ Ayurveda: communalisation of the late colonial Ayurvedic discourse (Record no. 514220)

000 -LEADER
fixed length control field 00600nam a22001457a 4500
008 - FIXED-LENGTH DATA ELEMENTS--GENERAL INFORMATION
fixed length control field 201016b ||||| |||| 00| 0 eng d
100 ## - MAIN ENTRY--PERSONAL NAME
Personal name Rai, Saurav Kumar
245 ## - TITLE STATEMENT
Title Invoking ‘Hindu’ Ayurveda: communalisation of the late colonial Ayurvedic discourse
260 ## - PUBLICATION, DISTRIBUTION, ETC. (IMPRINT)
Place of publication, distribution, etc Indian Economic and Social History Review
300 ## - PHYSICAL DESCRIPTION
Extent 56(4), Oct-Dec, 2019: p.411-426
650 ## - SUBJECT ADDED ENTRY--TOPICAL TERM
Topical term or geographic name as entry element Indigenous, Ayurvedic, Colonial medical discourse, Cow protection, Vedas, All India Vaidya Sammelan, Dhanvantari
9 (RLIN) 18668
773 ## - HOST ITEM ENTRY
Main entry heading Indian Economic and Social History Review
906 ## - LOCAL DATA ELEMENT F, LDF (RLIN)
Subject DIP AYURVEDA
942 ## - ADDED ENTRY ELEMENTS (KOHA)
Item type Articles
Holdings
Withdrawn status Lost status Source of classification or shelving scheme Damaged status Not for loan Permanent location Current location Date acquired Serial Enumeration / chronology Barcode Date last seen Koha item type
          Indian Institute of Public Administration Indian Institute of Public Administration 2020-10-16 56(4), Oct-Dec, 2019: p.411-426 AR123259 2020-10-16 Articles

Powered by Koha